000 00414nam a22001697a 4500
003 MPLRDC
005 20220104114637.0
008 210129b ||||| |||| 00| 0 eng d
082 _a874.57 LEW
100 _aANTHONY LEWIS
245 _a基甸的号角
_c李伯恬译
250 _a初版
260 _a
_b今日世界出版社
_c1968
300 _b
650 _a美国现代小说
942 _cBK
_o874.57 LEW
999 _c9096
_d9086